Normal view MARC view

Entry Personal Name

Number of records used in: 1

001 - CONTROL NUMBER

  • control field: 172143

003 - CONTROL NUMBER IDENTIFIER

  • control field: OSt

005 - DATE AND TIME OF LATEST TRANSACTION

  • control field: 20240702094040.0

008 - FIXED-LENGTH DATA ELEMENTS

  • fixed length control field: 240702|| aca||aabn | a|a d

040 ## - CATALOGING SOURCE

  • Original cataloging agency: OSt
  • Transcribing agency: OSt

100 ## - HEADING--PERSONAL NAME

  • Personal name: LEVI (Jonathan)

670 ## - SOURCE DATA FOUND

  • Source citation: Work cat.: (OSt): Jonathan Levi 172141, Be a Super Learner: The Proven Methodology to Read Faster and Remember More, 2022